000
00202 a2200097 4500
001
28390
100
_a
Denevero, N
245
_a
Fluid mechanics
260
_a
_b
Addison Wesley
_c
090
_c
18998
_d
18998
942
_a
NUST-CAE
_c
M
_c
9999
999
_c
263463
_d
263463